Click the 3-Letter Oceanian Country Code - Statistics

General Stats
  • This quiz has been taken 383 times
  • The average score is 14 of 14
Answer Stats
Hint Answer % Correct
Fiji FJI
99%
Nauru NRU
99%
Australia AUS
98%
Federated States of Micronesia FSM
98%
Kiribati KIR
98%
New Zealand NZL
98%
Palau PLW
98%
Papua New Guinea PNG
98%
Tonga TON
98%
Tuvalu TUV
98%
Vanuatu VUT
98%
Marshall Islands MHL
97%
Solomon Islands SLB
89%
Samoa WSM
86%
No matching quizzes found
Score Distribution
Percent of People with Each Score
Percentile by Number Answered
Your Score History
You have not taken this quiz